Protimonopolná politika

Guardado en:
Detalles Bibliográficos
Autor principal: Tokárová, Mária
Autor Corporativo: Ekonomická univerzita v Bratislave. Národohospodárska fakulta
Formato: Libro
Lenguaje:eslovaco
Publicado: Bratislava EU 1993
Edición:1. vyd.
Materias:
Etiquetas: Agregar Etiqueta
Sin Etiquetas, Sea el primero en etiquetar este registro!

MARC

LEADER 00000nam a2200000 4500
001 c004178
005 20221214082731.5
020 |a 80-225-0495-5 
041 0 |a slo 
044 |a SK 
245 1 0 |a Protimonopolná politika  |c Mária Tokárová 
250 |a 1. vyd. 
264 1 |a Bratislava  |b EU  |c 1993 
300 |a 162 s. 
610 2 0 |a politika protimonopolná 
610 2 0 |a konkurencia 
610 2 0 |a súťaž hospodárska 
610 2 0 |a konkurencieschopnosť 
610 2 0 |a kartely 
610 2 0 |a ochrana právna 
610 2 0 |a inštitúcia 
610 2 0 |a súťaž nekalá 
610 2 0 |a Slovensko 
610 2 0 |a západná Európa 
610 2 0 |a USA 
100 1 |a Tokárová, Mária 
710 2 |a Ekonomická univerzita v Bratislave. Národohospodárska fakulta